• 首页
  • 本馆介绍
  • 公告通知
  • 最新文献
  • 馆藏检索
  • 电子资源
  • 读者导购
  • 参考咨询
  • 我的图书馆
  • 登录
  • 详细信息显示
  • 放入我的书架
  • 预约/预借图书
  • 作者相关作品
  • 分类相关作品
  • 丛书相关作品
  • 出版社相关作品

书目信息

  • 表格格式
  • 工作单格式
  • 卡片格式
题名:
基层台站气象数据分析与服务产品加工
    
 
作者: ;中国气象局 编
分册:  
出版信息: 北京   气象出版社  2016.10
页数: 314页
开本: 26cm
丛书名:
单 册:
中图分类: P416
科图分类:
主题词: 气象台--气象数据--统计分析 , 气象站--气象数据--统计分析
电子资源:
ISBN: 978-7-5029-6402-3
000 01101nam0 2200253 450
001 1407
005 20180928095930.13
010    @a978-7-5029-6402-3@dCNY80.00
100    @a20170215d2016 em y0chiy50 ea
101 0  @achi
102    @aCN@b110000
105    @aa z 000yy
200 1  @a基层台站气象数据分析与服务产品加工@9ji ceng tai zhan qi xiang shu ju fen xi yu fu wu chan pin jia gong@f中国气象局气象干部培训学院安徽分院编
210    @a北京@c气象出版社@d2016.10
215    @a314页@c图@d26cm
314    @a主编:孙钢
330    @a本书介绍了气象数据的基本格式和获取方式,介绍了基础数据的分析方法和空间分布图的制作方法,介绍了县级气象综合业务系统的功能、安装与使用,讲解了决策服务、公众服务、专业服务等气象服务产品的加工方法,并安排了实习课程,为县级气象综合业务岗位人员提供了所需的专业基础知识和基本业务技能。
606 0  @a气象台@x气象数据@x统计分析
606 0  @a气象站@x气象数据@x统计分析
690    @aP416@v5
710  0 @a孙钢@9sun gang@4主编
712 02 @a中国气象局@9zhong guo qi xiang ju@b气象干部培训学院@b安徽分院@4编
801  0 @aCN@b91MARC@c20170215
905    @aMuseLib@dP416@e110
    
    基层台站气象数据分析与服务产品加工/中国气象局气象干部培训学院安徽分院编.-北京:气象出版社,2016.10
    314页:图;26cm
    
    
    ISBN 978-7-5029-6402-3:CNY80.00
    本书介绍了气象数据的基本格式和获取方式,介绍了基础数据的分析方法和空间分布图的制作方法,介绍了县级气象综合业务系统的功能、安装与使用,讲解了决策服务、公众服务、专业服务等气象服务产品的加工方法,并安排了实习课程,为县级气象综合业务岗位人员提供了所需的专业基础知识和基本业务技能。
●
相关链接 在E读中查询图书 在五车中查询图书 在当当中查询图书 在豆瓣中查询图书


正题名:基层台站气象数据分析与服务产品加工     索取号:P416/110         预约/预借

序号 登录号 条形码 馆藏地/架位号 状态 备注
1 1122526   211225262   第二样本阅览室/ [索取号:P416/110] 在馆    
2 1122527   211225271   第三借阅区/ [索取号:P416/110] 在馆    
3 1122528   211225280   第三借阅区/ [索取号:P416/110] 在馆    
4 1122529   211225299   第三借阅区/ [索取号:P416/110] 在馆    
5 1122530   211225306   密集书库-资源管理系/ [索取号:P416/110] 在馆    
唐山师范学院图书馆 欢迎您!
大连网信软件有限公司© 版权所有